[Event "May Lviv Tradition (IM-group)"]
[Site "Lviv"]
[Date "2015.06.01"]
[Round "11.1"]
[White "Osmak, Iulija"]
[Black "Anwesh, Upadhyaya"]
[Result "1/2-1/2"]
[WhiteElo "2368"]
[BlackElo "2373"]
[PlyCount "87"]
[EventDate "2015.05.26"]

1. b4 Nf6 2. Bb2 e6 3. b5 d5 4. e3 c5 5. Nf3 Nbd7 6. Be2 Bd6 7. c4 O-O 8. O-O
b6 9. d4 Bb7 10. Nbd2 Re8 11. Ne5 Bf8 12. f4 cxd4 13. exd4 dxc4 14. Ndxc4 Nd5
15. Rc1 f6 16. Nc6 Bxc6 17. bxc6 Nb8 18. Qa4 Qc7 19. Na3 Bxa3 20. Bxa3 f5 21.
g3 a6 22. Rfe1 b5 23. Qc2 b4 24. Bf3 Qd6 25. Qc5 Qxc5 26. Rxc5 Nxc6 27. Rxc6
bxa3 28. Rcxe6 Red8 29. R6e5 Nb4 30. Bxa8 Rxa8 31. Re8+ Rxe8 32. Rxe8+ Kf7 33.
Re2 g6 34. Kf1 h6 35. Re3 Nxa2 36. Rxa3 Nb4 37. Ra4 Nc6 38. d5 Nb8 39. Ke2 Ke7
40. Ke3 Kd6 41. Kd4 Kc7 42. Ra1 Kd6 43. h3 h5 44. Re1 1/2-1/2

[Event "May Lviv Tradition (IM-group)"]
[Site "Lviv"]
[Date "2015.06.01"]
[Round "11.2"]
[White "Ivanenko, Olga I"]
[Black "Kryvoruchko, Vita"]
[Result "0-1"]
[WhiteElo "2182"]
[BlackElo "2213"]
[PlyCount "118"]
[EventDate "2015.05.26"]

1. b3 Nf6 2. Bb2 e6 3. e3 d5 4. f4 c5 5. Nf3 Nc6 6. Be2 Bd6 7. O-O O-O 8. Qe1
b6 9. a3 Bb7 10. Qg3 d4 11. Bd3 g6 12. Qg5 Nd5 13. Qh6 f5 14. Bc4 Be7 15. exd4
cxd4 16. Bxd5 Qxd5 17. c4 dxc3 18. Bxc3 Bf6 19. Bxf6 Rxf6 20. Nc3 Qc5+ 21. Kh1
Nd4 22. b4 Qd6 23. Ne5 Rc8 24. Rae1 Nc2 25. Re2 Nxa3 26. b5 Nc4 27. Qh3 Rff8
28. Nf3 Qd3 29. Rfe1 Bxf3 30. Qxf3 Qxf3 31. gxf3 Nxd2 32. Rxd2 Rxc3 33. Rxe6
Rxf3 34. Re7 Rf7 35. Rxf7 Kxf7 36. Rd7+ Kg8 37. Rxa7 Rb3 38. Kg2 Rxb5 39. Rb7
Rb3 40. Kf2 b5 41. Kg2 b4 42. h4 h5 43. Kh2 Rb1 44. Kg3 b3 45. Kf2 b2 46. Kg2
Kf8 47. Kh2 Ke8 48. Kg2 Kd8 49. Kh2 Kc8 50. Rb3 Kc7 51. Kg2 Kc6 52. Rb8 Kd5 53.
Rb4 Kc5 54. Rb8 Kd4 55. Rb7 Ke3 56. Rb4 Rd1 57. Rb3+ Rd3 58. Rb4 Rd2+ 59. Kg3
Kd3 0-1

[Event "May Lviv Tradition (IM-group)"]
[Site "Lviv"]
[Date "2015.06.01"]
[Round "11.3"]
[White "Shkuran, Daniil"]
[Black "Grekh, Andrey"]
[Result "1/2-1/2"]
[WhiteElo "2386"]
[BlackElo "2341"]
[PlyCount "60"]
[EventDate "2015.05.26"]

1. e4 c5 2. Nf3 e6 3. d4 cxd4 4. Nxd4 a6 5. Nc3 Qc7 6. Be3 Nc6 7. Qd2 Nf6 8. f3
h5 9. O-O-O Be7 10. Kb1 b5 11. Nxc6 dxc6 12. Qf2 c5 13. Qg3 Qxg3 14. hxg3 Nd7
15. g4 h4 16. g3 Bb7 17. gxh4 Rxh4 18. Rxh4 Bxh4 19. a3 O-O-O 20. Be2 Bf6 21.
Rh1 c4 22. Rh7 Nf8 23. Rh8 Ng6 24. Rxd8+ Kxd8 25. Kc1 Be5 26. Kd2 Bf4 27. b3
cxb3 28. cxb3 Bxe3+ 29. Kxe3 e5 30. b4 Kd7 $11 1/2-1/2

[Event "May Lviv Tradition (IM-group)"]
[Site "Lviv"]
[Date "2015.06.01"]
[Round "11.4"]
[White "Sevostianov, Pavel"]
[Black "Shevchenko, Kirill"]
[Result "1/2-1/2"]
[WhiteElo "2263"]
[BlackElo "2306"]
[PlyCount "108"]
[EventDate "2015.05.26"]

1. c4 Nf6 2. Nc3 g6 3. Nf3 Bg7 4. d4 O-O 5. Bg5 c5 6. d5 d6 7. Qc2 Qb6 8. e4
Bg4 9. Nd2 Na6 10. a3 Rae8 11. h3 Bd7 12. Be2 e6 13. O-O h6 14. Bh4 Nh5 15.
dxe6 Bxe6 16. Bg3 Nc7 17. Rab1 Be5 18. f4 Bd4+ 19. Kh1 f5 20. Bd3 Qc6 21. Nd5
fxe4 22. Bxe4 Bf5 23. Bxf5 gxf5 24. Nxc7 Qxc7 25. Bf2 Bxf2 26. Rxf2 Qd7 27. Rf3
Nf6 28. Nf1 Ne4 29. Ne3 Rf7 30. Rd1 Qe6 31. g4 fxg4 32. hxg4 Ng5 33. f5 $11 Qe5
34. Rd5 Qf6 35. Rg3 Ne4 36. Rh3 Qg5 37. Qh2 Nf6 38. Rd3 Kg7 39. Qf2 Rfe7 40.
Qf3 b5 41. b3 bxc4 42. bxc4 Re5 43. a4 d5 44. cxd5 c4 45. Rc3 Re4 46. d6 Nd5
47. d7 Nxc3 48. dxe8=Q Rxe8 49. Qb7+ Kg8 50. Qc6 Rxe3 51. Qxc4+ Kh7 52. Qf7+
Kh8 53. Qf8+ Kh7 54. Qf7+ Kh8 1/2-1/2

[Event "May Lviv Tradition (IM-group)"]
[Site "Lviv"]
[Date "2015.06.01"]
[Round "11.5"]
[White "Nayhebaver, Martin"]
[Black "Koziol, Kamil"]
[Result "1/2-1/2"]
[WhiteElo "2317"]
[BlackElo "2207"]
[PlyCount "65"]
[EventDate "2015.05.26"]

1. e4 c5 2. Nf3 Nc6 3. d4 cxd4 4. Nxd4 Qc7 5. Nc3 e6 6. Be2 Nf6 7. O-O a6 8.
Be3 Bb4 9. Na4 O-O 10. Nxc6 bxc6 11. Nb6 Rb8 12. Nxc8 Rfxc8 13. Bxa6 Rf8 14.
Bd3 Bd6 15. f4 e5 16. f5 Rxb2 17. g4 Qa5 18. Kh1 Bc5 19. Bd2 Qa4 20. Bc3 Rb7
21. Qe2 d5 22. exd5 cxd5 23. Qxe5 Qxg4 24. Qf4 d4 25. Bd2 Qxf4 26. Rxf4 Nd5 27.
Be4 Rd7 28. Rf3 Re8 29. Bd3 Ra7 30. a4 Bb4 $11 31. Bb5 Rb8 32. Rd1 Nc3 33. Bxc3
1/2-1/2

[Event "May Lviv Tradition (IM-group)"]
[Site "Lviv"]
[Date "2015.06.01"]
[Round "11.6"]
[White "Bunyatov, Rustam"]
[Black "Punin, Andrii"]
[Result "1/2-1/2"]
[WhiteElo "2104"]
[BlackElo "2246"]
[PlyCount "60"]
[EventDate "2015.05.26"]

1. e4 d5 2. exd5 Qxd5 3. Nc3 Qd8 4. d4 c6 5. Nf3 Bg4 6. Be2 e6 7. O-O Nf6 8.
Bg5 Bxf3 9. Bxf3 Be7 10. Ne2 h6 11. Bxf6 Bxf6 12. c3 O-O 13. Ng3 Nd7 14. Qe2 g6
15. Rad1 Bg7 16. Be4 Nf6 17. Bb1 Qa5 18. Ne4 Nxe4 19. Qxe4 Rad8 20. h4 Rfe8 21.
Qf3 h5 22. Rfe1 Qd5 23. Qxd5 cxd5 24. Bd3 Re7 25. Re2 Rc7 26. a4 Rb8 27. g3 a6
28. a5 Bf6 29. Ra1 Be7 30. Kf1 Bd6 $11 1/2-1/2